000 00686nam a2200229Ia 4500
005 20260430150222.0
008 008 250103s9999 xx 000 0 eng d
037 _aTheses
040 _aCRL
040 _beng
040 _ceng
041 _2eng
041 _aeng
084 _qCRL
100 _aSoni Neha Au.; Kapoor Amita Gu.; Sharma Enakshi Khular Gu.
_91236831
245 0 _aFace Recognition Using Neural Networks: Implementation and Comparative analysis
260 _c2021
300 _a433p.
700 _aUniversity of Delhi. Faculty of Interdisciplinary & Applied Sciences. Depatment of Electronic Science
_91236829
942 _cTH
999 _c1849243
_d1849243